Manažérske aspekty pracovnej motivácie

Enregistré dans:
Détails bibliographiques
Auteur principal: Krafčíková, Veronika (Auteur)
Autres auteurs: Zatrochová, Monika (Directeur de thèse)
Format: Manuscrit Livre
Langue:slovaque
Sujets:
Accès en ligne:http://is.stuba.sk/zp/portal_zp.pl?podrobnosti=83534
Tags: Ajouter un tag
Pas de tags, Soyez le premier à ajouter un tag!

MARC

LEADER 00000ntm a22000003a 4500
001 stuzp36418
003 SK-STU
005 20160229160053.7
007 ta
008 150427s2015----xo-----f-mn---000-0-slo-d
040 |a STU  |b slo 
041 0 |a slo 
100 1 |a Krafčíková, Veronika  |u 902024  |4 aut  |U Ústav manažmentu STU  |T ÚM - Oddelenie manažmentu chemických a potravinárskych technológií  |X 43979  |U R2024  |Y 408  |7 43979 
242 0 1 |a Managerial Aspects of Work Motivation  |y eng 
245 1 0 |a Manažérske aspekty pracovnej motivácie 
650 4 |a pracovná motivácia  |2 slo 
650 4 |a pracovné prostredie  |2 slo 
650 4 |a odmeňovanie  |2 slo 
650 4 |a work motivation  |2 eng 
650 4 |a workplace environment  |2 eng 
650 4 |a remuneration  |2 eng 
700 1 |a Zatrochová, Monika  |4 ths  |X 1700  |7 1700 
856 4 |u http://is.stuba.sk/zp/portal_zp.pl?podrobnosti=83534 
SQL |a stuzp36418  |b DBP  |c SLO  |d Manažérske aspekty pracovnej motivácie  |e 43979  |f Krafčíková, Veronika  |g 902024  |h 1700  |i Zatrochová, Monika  |j 20140715  |k 104  |l 04  |m http://is.stuba.sk/zp/portal_zp.pl?podrobnosti=83534